| 000 | 00506nam a22001697a 4500 | ||
|---|---|---|---|
| 005 | 20240325085059.0 | ||
| 008 | 240325b |||||||| |||| 00| 0 eng d | ||
| 020 | _a9073041163 | ||
| 040 |
_aKMU _cKMU _dKMU |
||
| 050 | _aS 540 Met | ||
| 100 | _aMettrick Hal | ||
| 245 |
_aDevelopment oriented research in agriculture : _bAn ICRA textbook / _cHal Mettrick |
||
| 260 |
_aNetherlands : _bICRA , _c1993. |
||
| 300 |
_axxvi,285 pages ; _billus : _c24 cm. |
||
| 650 |
_aAgriculture _v Research |
||
| 942 |
_2lcc _cBK _n0 |
||
| 999 |
_c1058 _d1058 |
||